| 000 | 00444cam a2200181ua 4500 | ||
|---|---|---|---|
| 001 | 9881 | ||
| 008 | 161006n ii |||gr||||Z||||||asm | ||
| 020 | _a8176430242 | ||
| 040 | _cMAIN | ||
| 041 | _aasm | ||
| 082 | _a891.4514 | ||
| 100 |
_aSarma, Tirthanath, _eAuthor. |
||
| 245 |
_aSahitya bidya parikrama _cBy Tirthanath Sarma |
||
| 260 |
_aGuwahati: _bBani prakash, _c2016. |
||
| 300 | _a208p. | ||
| 653 | _aAssamese literature | ||
| 942 | _cBK | ||
| 999 |
_c8891 _d8891 |
||